| 000 | 00000nam##2200000za#4500 |
| 001 | 9.570249 |
| 003 | CaOODSP |
| 005 | 20220901140008 |
| 007 | cr ||||||||||| |
| 008 | 150406|1997||||xxc|||||o f|0| 0 eng|d |
| 040 | |aCaOODSP|beng |
| 043 | |an-cn--- |
| 086 | 1 |aJ3-8/1997-3E-PDF |
| 110 | 1 |aCanada.|bJustice Canada. |bCanadian Firearms Centre. |
| 245 | 10|aFirearms in Canada and eight other Western countries : |h[electronic resource]|bselected findings of the 1996 International Crime (Victim) Survey / |c[by] Richard Block. |
| 260 | |aOttawa - Ontario : |bJustice Canada. |cJanuary 1998. |
| 300 | |a37p.|bgraphs, tables |
| 490 | 1 |aWorking document|vWD1997-3e |
| 504 | |aBibliography. |
| 590 | |a11-08-Supp|b2011-06-16 |
| 720 | 1 |aBlock, Richard |
| 775 | 08|tLes armes à feu au Canada et dans huit autres pays occidentaux : |w(CaOODSP)9.600995 |
| 830 | #0|aWorking document ;|vWD1997-3e|w(CaOODSP)9.505668 |
| 856 | 40|ahttp://publications.gc.ca|qPDF|s97 KB|uhttps://publications.gc.ca/collections/collection_2011/jus/J3-8-1997-3-eng.pdf|yWD1997-3e |